| 000 | 00909nam a2200241 i 4500 | ||
|---|---|---|---|
| 003 | DO-SdBNP | ||
| 005 | 20231026145957.0 | ||
| 006 | a||||gr|||| 00| 0 | ||
| 007 | ta | ||
| 008 | 231026e1983 dr ||||| |||| 00| s eng d | ||
| 040 |
_aDO-SdBNP _bspa _cBNPHU _erda |
||
| 082 | 4 |
_222 _bE77v |
|
| 100 | 1 |
_aEsquea Guerrero, Emmanuel T., _d1944- _935309 _eautor |
|
| 245 | 1 | 0 |
_aVigencia de los derechos humanos en la República Dominicana. / _cEnmanuel T. Esquea Guerrero. / |
| 264 |
_aSanto Domingo : _bPublicaciones de la Dirección General de Información, Publicidad y Prensa de la Presidencia, _c1983 |
||
| 300 |
_a6 páginas no numeradas ; _c21 cm. |
||
| 336 |
_2rdacontent _atexto _btxt |
||
| 337 |
_2rdamedia _asin mediación _bn |
||
| 338 |
_2rdacarrier _avolumen _bnc |
||
| 590 | _aInventariado 2023 / MF | ||
| 710 | 1 |
_aRepública Dominicana. Consulrtoría Jurídica del Poder Ejecutivo _9483 |
|
| 942 |
_2ddc _cLF2 |
||
| 999 |
_c55304 _d55304 |
||